000 00583cam a22001337a 4500
008 180718b1960 xxu||||| |||| 00| 0 eng d
082 _aK12x54 In2p
245 _aThe problem of executive staff and senior officials of public and private institutions in India
260 _aDelhi
_bIndian Institute of Public Administration
_c1960
300 _a33p.
500 _aWorking paper for the 32nd Study Session of the International Institute of Differing Civilizations - Munich, 19-22 September 1960
650 _aCivil service --India
700 _aIndian Institute of Public Administration
999 _c500784
_d500784